000 00517nam a2200217Ia 4500
003 OSt
005 20220923225516.0
006 a|||||r|||| 00| 0
007 ta
008 220922b |||||||| |||| 00| 0 hin d
024 _a269,729
037 _cTextual
040 _aARTS
_cARTS
_bhin
041 _2hin
_ahin
082 _aO152,2N10x, J6
245 0 _aस्पर्द्धा
246 _aSparddhā
260 _c1956
942 _hO152,2N10x, J6
_cTEXL
_2CC
999 _c378703
_d378703